000 00563nam a22001577a 4500
003 NUST
038 _aNusrat Nadeem
082 _a200
100 _aRani, Anoosha
_9133091
245 _aThermal Performance and Reliability Enhancement of Totem-Pole Converter for EV Charging through Cyclic Modulation/
_cAnoosha Rani,
264 _aIslamabad;
_bSEECS NUST.
_c2025.
650 _aMS-Electrical Engineering
_923567
700 _aSupervisor: Dr. Tassawar Hussain Kazmi
_9133092
856 _u http://10.250.8.41:8080/xmlui/handle/123456789/57211
942 _2ddc
_cSC
999 _c616085
_d616085